00377nam a2200169Ia 4500003000400000005001700004008004000021020001600061040000700077041001200084082001600096100002000112245001200132260004200144300000900186650001200195OSt20230922113627.0210210b1977 xxu||||| |||| 00| 0 eng d a19 560226 9 cAL aEnglish a820.23 KART aKARNAD (Girish) aTughlaq aDelhibOxford University Pressc1977 ax,86 aTughlaq